000 00661cam a22002293a 4500
001 19857
003 PGUSA
005 20140828083424.0
008 061118s2006||||xxu|||||s|||||000 | eng d
040 _aPGUSA
_beng
042 _adc
050 4 _aD501
100 1 _aScott, Frederick George,
_d1861-1944
245 1 4 _aThe Great War As I Saw It
_h[electronic resource] /
_cFrederick George Scott
260 _bProject Gutenberg,
_c2006
506 _aPublic domain in the USA.
516 _aElectronic text
653 _aWorld War, 1914-1918 -- Canada
830 0 _aProject Gutenberg
_v19857
856 4 0 _uhttp://www.gutenberg.org/ebooks/19857
942 _cEB
999 _c249112
_d249112